| Tag |
First Indicator |
Second Indicator |
Subfields |
| LEADER |
00000nam a2200000 4500 |
| 001 |
in00004223721 |
| 005 |
20200806095007.0 |
| 006 |
m g d |
| 007 |
cr bn |||a|bb| |
| 008 |
901105s1627 enk o 00| | eng d |
| 035 |
|
|
|a (UnM)99838427
|
| 037 |
|
|
|a CL0036000030
|b ProQuest. 789 E. Eisenhower Parkway, Ann Arbor, MI 48108-3218
|
| 040 |
|
|
|a Cu-RivES
|c Cu-RivES
|d CStRLIN
|e dcrb
|d WaOLN
|
| 130 |
0 |
|
|a Treasurer's almanac.
|
| 245 |
1 |
4 |
|a The treasurers almanacke, or the money-master :
|b wherein with necessary tables of interest, the lenders gaine, and borrowers losse, of 10. 8. 7. 6. in the 100. are easily composed and demonstrated for the longitude and latitude of all places whatsoeuer. 1627. Being most necessary and helpfull in coine, value, weight and measure of all things. And properly referred and rectified to the generall coronell knight merchant. grocer goldsmith scriuener buyer lender artificer tradesman or nobleman commander gentleman mercer draper fishmonger vsurer seller borrower clothier husbandman. And whosoeuer else. Also may fitly serue for the sea.
|
| 246 |
2 |
|
|a Money-master.
|
| 250 |
|
|
|a The second edition.
|
| 260 |
|
|
|a London :
|b Printed for Michael Sparke,
|c 1627.
|
| 300 |
|
|
|a 1 online resource ([32] pages)
|
| 336 |
|
|
|a text
|b txt
|2 rdacontent
|
| 337 |
|
|
|a computer
|b c
|2 rdamedia
|
| 338 |
|
|
|a online resource
|b cr
|2 rdacarrier
|
| 500 |
|
|
|a Signatures: A-B.
|
| 500 |
|
|
|a Reproduction of the original in the Bodleian Library.
|
| 510 |
4 |
|
|a STC (2nd edition)
|c 24210.
|
| 533 |
|
|
|a Electronic reproduction.
|b Ann Arbor, Mich. :
|c UMI,
|d 1999-
|f (Early English books online)
|n Digital version of: (Early English books, 1475-1640 ; 1119:05)
|7 s1999 miun s
|
| 650 |
|
0 |
|a Interest
|v Tables
|v Early works to 1800.
|
| 830 |
|
0 |
|a Early English books online.
|
| 856 |
4 |
0 |
|u http://proxy.library.tamu.edu/login?url=https://search.proquest.com/docview/2240941147
|z Connect to the full text of this electronic book
|t 0
|
| 999 |
f |
f |
|s c5f9d303-f2f4-3409-adde-a62542cfe84a
|i b5a34791-a264-3d0c-8902-f8100f0538d6
|t 0
|
| 952 |
f |
f |
|a Texas A&M University
|b College Station
|c Electronic Resources
|d Available Online
|t 0
|h No information provided
|
| 998 |
f |
f |
|t 0
|l Available Online
|